Character Developing and Storytelling for Games /

Obra sobre la creación, tratamiento y puesta en escena de personajes de ficción para juegos computacionales, en el marco de las necesidades narrativas que éstos representan para ser interactivos. Es por ello, que también se abordan los fundamentos de la escritura de historias y se analizan los tipos...

Descripció completa

Guardat en:
Dades bibliogràfiques
Autor principal: Sheldon, Lee (autor)
Format: Llibre
Idioma:anglès
Publicat: Boston, EUA : Premier Press, 2004, c2004
Matèries:
Etiquetes: Afegir etiqueta
Sense etiquetes, Sigues el primer a etiquetar aquest registre!

MARC

LEADER 00000nam^a2200000^a^4500
001 000191953
005 20250521000000.0
009 20260310102546.716
020 |a 1-59200-353-2 
037 |a Acervo ITESO - Biblioteca 
041 |a ING 
082 |a 302. 23702  |b SHE 
100 |a Sheldon, Lee  |e (autor) 
245 1 0 |a Character Developing and Storytelling for Games /  |c L. Sheldon. 
264 4 |a Boston, EUA :  |b Premier Press,  |c 2004, c2004 
300 |a XIV, 474 p. 
336 |a texto  |b txt  |2 rdacontenido 
337 |a sin mediación  |b n  |2 rdamedio 
338 |a volumen  |b nc  |2 rdasoporte 
520 |a Obra sobre la creación, tratamiento y puesta en escena de personajes de ficción para juegos computacionales, en el marco de las necesidades narrativas que éstos representan para ser interactivos. Es por ello, que también se abordan los fundamentos de la escritura de historias y se analizan los tipos de juegos existentes en el mercado. 
649 |a XX 
650 |a Personajes de Ficción -  |x Tema Principal 
650 |a Narración (Retórica) -  |x Tema Principal 
650 |a Estructura (Lenguaje Hipermedial) 
650 |a Lenguaje Hipermedial 
650 |a Videojuegos 
650 |a Multimedia 
650 |a Interactividad 
650 |a Tecnologías de Comunicación e Información 
650 |a Medios de Comunicación 
650 |a Comunicación Masiva 
650 |a Ingeniería Computacional 
910 |a Fondo General 
920 |a Impresos - Libros 
930 |a Colección General 
905 |a 101 
901 |a 0500135551  |b IT1  |c ACC  |u 20250521 
902 |a https://opac.biblio.iteso.mx/vufind/Record/000191953